| 000 | 01120nam a22002057a 4500 | ||
|---|---|---|---|
| 003 | JO-AjAnu | ||
| 005 | 20240708093644.0 | ||
| 008 | 240708b jo ||||| |||| 00| 0 ara d | ||
| 040 |
_aJO-AjAnu _bara _cJO-AjAnu _erda |
||
| 041 |
_aara _hara |
||
| 050 |
_aPJ7541 _b2024 |
||
| 100 | 1 |
_aقريشات، احمد خليل _eمعد _966051 |
|
| 245 | 0 |
_aالصورة الفنية في ديوان "عيون سلمى" للشاعر حسن بكر العزازي عناصر التشكيل والابداع = The Poetic Image in Hassan Bakr Al-Azazzi's poetry " Oyonn Salma's" Elements of Structure and Creativity / _cاعداد احمد خليل قريشات؛ اشراف علي قاسم الخرابشة |
|
| 260 | _c2024 | ||
| 300 | _a112 ورقة | ||
| 500 | _aرسالة جامعية ( رسالة ماجستير في اللغة العربية وآدابها) جامعة عجلون الوطنية ( عجلون، الاردن)، كلية الآداب، 2024. | ||
| 650 | 7 | 0 |
_aالصورة الشعرية - الشعر العربي _966054 |
| 700 | 1 |
_aالخرابشة، علي قاسم _eمشرف _966055 |
|
| 942 |
_2lcc _cTHS _n0 |
||
| 999 |
_c33578 _d33578 |
||